000 00306nam a2200133Ia 4500
100 _aPrince/M.D
942 _cBK
654 _aComputer Aided Design
245 _aInteractive Graphics For Computer Aided Design
260 _bADDISON WESLEY
_c1962
082 _a604.2
300 _a301
546 _aENGLISH
999 _c18351
_d18351